000 00363nab a22001097u 4500
008 130520b1987 xxu||||| |||| 00| 0 spa d
041 _aspa
100 1 _aLönne, K.-E.
_967419
245 0 0 _aLos partidos democristianos en Alemania, Italia y Francia después de 1943-45
_cK.-E. Lönne
773 0 _tConcilium
_gV.2,1987,págs.181-192
_x0210-1041
_wRev134
942 _cAR
999 _c355326
_d355326